BIBLIOTHÈQUE DE LA MAISON DU MEXIQUE

Logo 1 Logo 2

Los vikingos en la historia (notice nᵒ 3172)

détails MARC
000 -Sello discográfico
campo de control de longitud fija 01033nam a2200349 4500
005 - Identificación de versión
campo de control 20251016083500.0
010 ## - Número Estándar Internacional de Libros (ISBN)
Número (ISBN) 978-607-16-2235-8
099 ## - fechas locales
Tipo de ítem Koha LIBRO
100 ## - Datos de procesamiento general
Datos de procesamiento general 19980427d2014 m y1spay5003 ba
101 ## - Idioma del recurso
Idioma del texto, banda sonora, etc. Español; Castellano
Idioma de la obra original Inglés
105 ## - Campo de datos codificados: Material textual, monográfico
Datos codificados de monografía a 001zy
200 1# - Título y mención de responsabilidad
Título propio Los vikingos en la historia
Designación general del material texto impreso
Primer mención de responsabilidad F. Donald Logan
Declaración de responsabilidad subsiguiente traducción Clara Huarte, Dennis Peña
205 ## - Declaración de edición
Declaración de edición 2a ed
210 ## - Publicación, distribución, etc.
Lugar de publicación, distribución, etc. México
Nombre del editor, distribuidor, etc. Fondo de Cultura Económica
Fecha de publicación, distribución, etc. 2014
215 ## - Descripción física
Designación de material específico y extensión del ítem 363 p
Otras características físicas il.
Dimensiones 17 cm
300 ## - Notas generales
Texto de la nota Incluye índice analítico
345 ## - Nota de información de adquisición
Fuente de adquisición/dirección de la suscripción [OBSOLETO] Donación
410 #1 - Series
Título Breviarios del Fondo de Cultura Económica
Número de volumen 414
454 #1 - Traducción de
Título The Vikings in History
606 ## - Término temático usado como materia
Elemento de entrada Vikingos
Número Koha 6721
660 ## - Código de área geográfica
Código MX
700 ## - Nombre personal - Responsabilidad primaria
Elemento de entrada Logan
Parte del nombre distinta del elemento de entrada Francis Donald
Fechas 1930-
Número Koha 6722
702 ## - Nombre personal - Responsabilidad secundaria
Elemento de entrada Huarte
Parte del nombre distinta del elemento de entrada Clara
Número Koha 6723
702 ## - Nombre personal - Responsabilidad secundaria
Elemento de entrada Peña
Parte del nombre distinta del elemento de entrada Dennis
Número Koha 6724
801 #0 - Fuente de origen
Agencia cm
900 ## -
-- 1/16906
900 ## -
-- 710988510\\270498
942 ## - ELEMENTOS DE ENTRADA SECUNDARIOS (KOHA)
Tipo de ítem Koha Livre
996 ## -
-- MEX
-- 751145101
-- MMAG
-- 004778
-- 082.1 B846 V.414
-- 20210510LIV
Exemplaires
Estatus retirado Estado de daño Estado de pérdida Fecha de adquisición Biblioteca de origen Biblioteca actual Ubicación en estantería Código de barras Precio de reemplazo Signatura topográfica completa No para préstamo Tipo de ítem Koha Nota pública Nota no pública
      05/08/2025 Casa México Paris Casa México Paris   004778 05/08/2025 082.1 B846 V.414   Livre 20210510LIV 751145101